| 000 | 00371nam a22001217a 4500 | ||
|---|---|---|---|
| 082 | _a200 THE | ||
| 100 |
_aGulshan Saleem _969970 |
||
| 245 | _aTH-SOF-1365-Text Mining through Modified Label Induction Grouping Algorithm | ||
| 260 |
_aIslamabad _bNUST College of EME _c2016 |
||
| 650 | _a MS-CSE-14 MSTHESIS | ||
| 700 |
_aSupervisor Dr. Usman Qamar _969693 |
||
| 942 | _cCF | ||
| 999 |
_c577041 _d577041 |
||